Kehidupan serangga yang mengkagumkan

Bibliographic Details
Main Author: Prawirosudirjo, Garnadi (Author)
Format: Book
Published: Jakarta : Bhratara Karya Aksara , 1974
Subjects:

MARC

LEADER 00000cam a2200000 7i4500
001 0000007453
005 20230330093000.0
008 021119n
090 0 0 |a QL467.2   |b .P7 
100 0 |a Prawirosudirjo, Garnadi ,   |e author 
245 0 0 |a Kehidupan serangga yang mengkagumkan   |c Garnadi Prawirosudirjo 
260 2 |a Jakarta :   |b Bhratara Karya Aksara ,   |c 1974 
300 |a 37 ms. ; ;   |c 21 sm. 
650 0 |a Insects   |v Juvenile works 
999 |a 1000032652   |b Book   |c OPEN SHELF (30 DAYS)   |e Tembila Campus 
999 |a 1000032653   |b Book   |c OPEN SHELF (30 DAYS)   |e Gong Badak Campus